| 000 | 00826nam a2200217Ii 4500 | ||
|---|---|---|---|
| 003 | JO-AjNU | ||
| 008 | 230606s9999||||xx |||||||||||||| ||und|| | ||
| 017 | _a2017/241 | ||
| 020 | _a978-84-16982-05-5 | ||
| 040 |
_aJO-AjNU _beng _erda _cJO-AjNU |
||
| 041 | _aeng | ||
| 050 | 1 | 4 | _aK230 2016 |
| 100 | 3 |
_aAuteurs Bashayreh, Mohmmad Hussein واخرون , Mohammad Hussein Bashayreh, Darina Saliba Abi Chedid( Editeurs), _eauthor _95718 |
|
| 245 | 0 | 0 | _aTuning Moyen-Orient et Afrique du Nord: Les Points de Reference pour la Conception et la Prestation des Programmes d,Etudes Universitaires en Droit |
| 264 | 3 | 1 | _aBibao: University of Deusto, 2016 |
| 300 | _a71p | ||
| 336 |
_atext _btxt _2rdacontent |
||
| 337 |
_aunmediated _bn _2rdamedia |
||
| 338 |
_avolume _bnc _2rdacarrier |
||
| 650 | 4 |
_aTuning - Study - Sensies _95719 |
|
| 999 |
_aE2962 _c2960 _d2960 |
||